00639nam a22002057a 450000500170000001000130001702000260003003500130005603700160006904000120008508200200009710000120011724500610012926000530019027000520024330000240029550000510031965000430037065000200041320170124105931.0 aB-158871 c395.00a9788176488433 aB-158871 bCen Lib/Ret aDPLbEN a327.540947bNIR aNirula  aIndia and the soviet union :cby Nirula b1917 to 1947 / aNew Delhi bA.P.H. Publishing Corporation c2005 a5, ansari road dariya ganj bNew Delhi e110002 aix, 154p.c21cm(Hb) aIncludes bibliographical references and index  aForeign policies zIndia-Soviet Union  aIndian history